Introducing systems development (Record no. 61687)

000 -LEADER
fixed length control field 00656nam a22001937a 4500
003 - CONTROL NUMBER IDENTIFIER
control field NUST-PNEC
005 - DATE AND TIME OF LATEST TRANSACTION
control field 20170116180728.0
008 - FIXED-LENGTH DATA ELEMENTS--GENERAL INFORMATION
fixed length control field 141108b xxu||||| |||| 00| 0 eng d
020 ## - INTERNATIONAL STANDARD BOOK NUMBER
International Standard Book Number 0333973690
040 ## - CATALOGING SOURCE
Transcribing agency PNEC
082 ## - DEWEY DECIMAL CLASSIFICATION NUMBER
Classification number 004.21 SKI
245 ## - TITLE STATEMENT
Title Introducing systems development
Statement of responsibility, etc. Steve Skidmore; Malcolm Eva
260 ## - PUBLICATION, DISTRIBUTION, ETC.
Place of publication, distribution, etc. Basingstoke : Palgrave Macmillan, 2004.
300 ## - PHYSICAL DESCRIPTION
Extent xii, 335 p. ; 25 cm.
500 ## - GENERAL NOTE
General note Includes index.
650 ## - SUBJECT ADDED ENTRY--TOPICAL TERM
General subdivision MIS, Computer
856 ## - ELECTRONIC LOCATION AND ACCESS
Uniform Resource Identifier <a href="http://www.amazon.com/Introducing-Systems-Development-Steve-Skidmore/dp/0333973690/ref=sr_1_1?s=books&ie=UTF8&qid=1415452788&sr=1-1&keywords=0333973690">http://www.amazon.com/Introducing-Systems-Development-Steve-Skidmore/dp/0333973690/ref=sr_1_1?s=books&ie=UTF8&qid=1415452788&sr=1-1&keywords=0333973690</a>
942 ## - ADDED ENTRY ELEMENTS (KOHA)
Source of classification or shelving scheme
Koha item type Book
Holdings
Withdrawn status Lost status Source of classification or shelving scheme Damaged status Not for loan Permanent Location Current Location Shelving location Date acquired Source of acquisition Cost, normal purchase price Total Checkouts Full call number Barcode Date last seen Cost, replacement price Price effective from Koha item type
          Pakistan Navy Engineering College (PNEC) Pakistan Navy Engineering College (PNEC)     NUST 2515.00   004.21 SKI PNECLIB-027330 11/08/2014 2515.00   Book
© 2023 Central Library, National University of Sciences and Technology. All Rights Reserved.